000 01444nam a2200385 a 4500
001 vtls000015101
003 NLI
005 20210601181447.0
008 101125s1962 is a 100 0 eng
020 _cRs. 105.00
039 9 _y201011250116
_zVLOAD
040 0 _aNLI
_beng
_cVERGIS-2003
041 0 _aeng
044 _ais
082 0 4 _a631.523
111 2 _aConference on Wide Hybridization of Plants
_d(1958 Feb
_cMoscow)
_949719
245 1 0 _aWide hybridization of plants:
_bproceedings: collection of report/
_cConference on Wide Hybridization of plants; Academic of Sciences of the Union of Soviet Socialist Republics and Union Academy of Agricultural Sciences in, V.I. Lenin; edited by N.V. Tsitsin
260 _aJerusalem:
_bIsrael program of scientific translations,
_cc1962
300 _a364 p.:
_bill.;
_c24 cm.
650 0 _aPlant breeding
_95109
650 0 _aHybridization vegetable
_949720
650 0 _aPlant biotechnology
_95108
700 1 _aTsitsin, N.V.,
_4edt
_949721
710 2 _aAcademy of sciences of the Union of Soviet Socialist Republic
_949722
710 2 _aUnion Academy of Agricultural science in V.I. Lenin
_949723
887 _aSivankalai S.
901 _a355596
_b06/09/1963
902 _aE 631.523 C 76
903 _a04/03/2004
904 _aSivankalai S.
906 _a014144
949 _AVIRTUAITEM
_D10000
_F1
_X100
_6PUR000355596ENG
_aE 631.523 C76
942 _2ddc
_cBKS
999 _c18445
_d18445